| 000 | 00657nam a2200205 a 4500 | ||
|---|---|---|---|
| 005 | 20240925065159.0 | ||
| 008 | 080516s1988 ea r 000 0 eng d | ||
| 020 | _a0471912662 | ||
| 035 | _aUPN01000155924 | ||
| 049 | _aCG | ||
| 050 | 4 |
_aQP360 _bS6.3 |
|
| 245 | 0 | 0 |
_aSocial psychophysiology and emotion : _btheory and clinical appplications / _ced. by Hugh L. Wagner. |
| 260 |
_aChichester, Ing. ; _aNew York _bWiley, _cc1988. |
||
| 300 |
_axiii, 311 p. : _bgráfs. |
||
| 650 | 4 |
_aPsicofisiología _9452 |
|
| 650 | 4 |
_aPsicofisiología _xAspectos sociales _99934 |
|
| 650 | 4 |
_aPsicología social _95889 |
|
| 700 | 1 |
_aWagner, Hugh L., _eed. |
|
| 905 | _aLibro | ||
| 999 |
_c128038 _d128038 |
||